Luxury Cars - Statistics

General Stats
  • This quiz has been taken 492 times
  • The average score is 24 of 64
Answer Stats
Hint Answer % Correct
BMW's large SUV X5
79%
Audi's second-smallest sedan A4
75%
Audi's smallest sedan A3
68%
Audi's supercar R8
66%
BMW electric sports car i8
64%
Mercedes Benz sedan just above the C-Class E-Class
60%
Acura's supercar NSX
58%
BMW roadster Z4
58%
BMW's popular sedan 3-series
57%
Audi's midsize CUV Q5
57%
BMW's sports activity coupe based off the X5 X6
56%
Audi large sedan A8
54%
Tesla large hatchback Model S
54%
Porsche's four door hatchback Panamera
54%
Mercedes Benz's flagship sedan S Class
54%
Mercedez Benz's bestselling sedan before the CLA came along C Class
51%
BMW electric hatchback i3
51%
Audi large SUV Q7
51%
Tesla's upcoming CUV (delayed until 2015) Model X
50%
Audi's roadster TT
47%
BMW's smallest CUV X1
45%
Audi's fastback based off the A6 A7
44%
Lexus based off the Camry ES
44%
Small Porsche CUV Macan
44%
Jaguar's Porsche 911 rival F Type
43%
Lexus supercar LFA
43%
Ferrari's car named for a US state California
42%
BMW's new name for the M3 coupe M4
42%
Lincoln's huge SUV Navigator
41%
Lamborghini's "cheap" supercar Huracan
40%
Tesla's upcoming mass-market car Model 3
40%
Cadillac's huge SUV Escalade
37%
Lexus's 3-series rival IS
37%
Mercedes-Benz compact sedan CLA
36%
Mini's CUV Countryman
36%
Mercedez Benz's cheapest CUV GLA
35%
Mercedes-Benz's original four door coupe CLS
33%
Lexus midsize CUV RX
33%
Range Rover's cheapest offering Evoque
32%
Most expensive Lexus sedan LS
32%
Jeep's expensive SUV Grand Cherokee
31%
Chrysler's luxury sedan 300
29%
Maserati's cheapest car Ghibli
28%
Cheapest Land Rover (LR3 replacement) Discovery
27%
Cadillac's midsize sedan CTS
26%
Toyota's largest sedan Avalon
23%
Hyundai's 2nd most expensive sedan (also a Sega console) Genesis
22%
Lexus compact crossover based on the RAV4 NX
22%
BMW's 5-Series coupe 6-Series
20%
Acura's large SUV MDX
20%
Jaguar's new 3-series rival XE
20%
Lexus's new IS coupe RC
19%
Cadillac small sedan ATS
18%
Infiniti midsize sedan Q50
16%
Lincoln midsize sedan MKZ
15%
Acura's midsize sedan TLX
15%
Audi A4 wagon Allroad
13%
Infiniti's former most popular car (before the Q business) G37
12%
Hyundai's most expensive car Equus
11%
Acura's defunct X6 rival ZDX
9%
Cadillac small CUV SRX
8%
Cadillac's electric car ELR
7%
Lincoln's small CUV (Matthew McConaughey) MKC
7%
Lincoln's ugly large CUV MKT
6%
No matching quizzes found
Score Distribution
Percent of People with Each Score
Percentile by Number Answered
Your Score History
You have not taken this quiz